000
00482nam a2200169Ia 4500
008
090711s9999 xx 000 0 und d
082
_b
67072
100
_a
तुपे उत्तम बंडू
245
_a
कोंबारा
260
_c
1991
300
_a
187
600
_a
तुपे उत्तम बंडू
630
_a
कोंबारा
700
_a
तुपे उत्तम बंडू
730
_a
कोंबारा
942
_c
BOOK
999
_c
310932
_d
310932